| 000 | 00464cam a2200181ua 4500 | ||
|---|---|---|---|
| 020 |
_a90-247-2492-9 _c448.80 |
||
| 041 |
_aeng _h |
||
| 082 |
_a621.47 _bOUD/TH |
||
| 100 | _aOuden, C..Den . | ||
| 245 |
_aThermal storage of solar energy / _cC.Den Ouden. _hTextual Documents |
||
| 250 |
_a1 / _b. |
||
| 260 |
_aBoston : _bMartinus nijhoffpublishers , _c1981. |
||
| 300 | _a ; . | ||
| 365 | _a448.80 | ||
| 504 | _a | ||
| 942 | _cBK | ||
| 999 |
_c2191 _d2191 |
||